| 000 | 00725cam a2200229 4500 | ||
|---|---|---|---|
| 001 | ABS61418 | ||
| 008 | 000000n1999 000 0 eng u | ||
| 035 | _a(Sirsi) u100500 | ||
| 100 | _aGrogan, B.C. | ||
| 245 | _aRed Sea riviera | ||
| 260 | _c1999 | ||
| 490 |
_aUrban Land _v58(8) August 1999, 34-39,91(7) |
||
| 520 | _aEgypt's Red Sea area is experiencing a boom in resort building with the growth of the economy and government efforts to make Egypt a safe tourist destination. Focuses on various new resorts. | ||
| 590 | _aABS | ||
| 650 | _aEGYPT | ||
| 650 | _aRED SEA | ||
| 650 | _aHOTEL INDUSTRY | ||
| 650 | _aGROWTH | ||
| 650 | _aBUILT ENVIRONMENT | ||
| 690 | _aOVERSEAS-REST OF THE WORLD | ||
| 942 | _n0 | ||
| 999 |
_c60129 _d60129 |
||